[Event "FRA-chT Top 12 2019"]
[Site "Brest"]
[Date "2019.05.18"]
[Round "1.4"]
[White "Hamdouchi, Hicham"]
[Black "Genzling, Alain"]
[Result "1-0"]
[WhiteElo "2584"]
[BlackElo "2376"]
[Annotator "ChessBase"]
[PlyCount "81"]
[EventDate "2019.05.18"]
[EventType "team-tourn"]
[EventCountry "FRA"]
[SourceTitle "playchess.com"]
[Source "ChessBase"]
[SourceQuality "1"]
[TimeControl "40/5400+30:1800+30"]

1. e4 {[%emt 0:00:00]} c5 {[%emt 0:00:00]} 2. Nf3 {[%emt 0:00:00]} Nc6 {[%emt 0:00:01]} 3. d4 {[%emt 0:00:18]} cxd4 {[%emt 0:00:22]} 4. Nxd4 {[%emt 0:00:06]} Nf6 {[%emt 0:03:05]} 5. Nc3 {[%emt 0:00:21]} e5 {[%emt 0:00:11]} 6. Ndb5 {[%emt 0:00:17]} d6 {[%emt 0:00:12]} 7. Na3 {[%emt 0:00:47]} Be6 {[%emt 0:02:57]} 8. Bg5 {[%emt 0:10:55]} Rc8 {[%emt 0:05:29]} 9. Nc4 {[%emt 0:04:15]} Nd4 {[%emt 0:04:48]} 10. Ne3 {[%emt 0:02:24]} Qa5 {[%emt 0:27:44]} 11. Bd3 {[%emt 0:06:59]} Be7 {[%emt 0:18:02]} 12. O-O {[%emt 0:04:38]} O-O {[%emt 0:00:46]} 13. Bxf6 {[%emt 0:02:51]} Bxf6 {[%emt 0:00:21]} 14. Ncd5 {[%emt 0:00:27]} Bg5 {[%emt 0:02:15]} 15. c3 {[%emt 0:02:36]} Nc6 {[%emt 0:01:39]} 16. Be2 {[%emt 0:04:49]} Bxe3 {[%emt 0:09:28]} 17. Nxe3 {[%emt 0:01:00]} Rfd8 {[%emt 0:02:00]} 18. Bg4 {[%emt 0:02:48]} Qc7 {[%emt 0:00:14]} 19. Bxe6 {[%emt 0:20:55]} fxe6 {[%emt 0:00:40]} 20. Qg4 {[%emt 0:00:05]} Qf7 {[%emt 0:01:25]} 21. Rad1 {[%emt 0:00:20]} Ne7 {[%emt 0:02:17]} 22. Rd2 {[%emt 0:01:44]} d5 {[%emt 0:02:50]} 23. Rfd1 {[%emt 0:01:08]} Rf8 {[%emt 0:03:51]} 24. Qg3 {[%emt 0:01:35]} Qf4 {[%emt 0:07:26]} 25. exd5 {[%emt 0:00:46]} Qxg3 {[%emt 0:00:51]} 26. hxg3 {[%emt 0:00:09]} exd5 {[%emt 0:00:03]} 27. Nxd5 {[%emt 0:00:15]} Nc6 {[%emt 0:00:15]} 28. Ne3 {[%emt 0:08:02]} Rc7 {[%emt 0:00:22]} 29. f3 {[%emt 0:01:47]} h6 {[%emt 0:01:54]} 30. g4 {[%emt 0:07:29]} Kh7 {[%emt 0:01:13]} 31. Nf5 {[%emt 0:04:45]} Rff7 {[%emt 0:00:08]} 32. Nd6 {[%emt 0:00:25]} Rf8 {[%emt 0:01:51]} 33. Ne4 {[%emt 0:00:22]} Rff7 {[%emt 0:00:01]} 34. Rd6 {[%emt 0:01:06]} Ne7 {[%emt 0:01:32]} 35. Kf2 {[%emt 0:00:54]} Ng6 {[%emt 0:00:21]} 36. g3 {[%emt 0:03:53]} Rc6 {[%emt 0:00:40]} 37. Rxc6 {[%emt 0:01:03]} bxc6 {[%emt 0:00:01]} 38. Rd6 {[%emt 0:00:14]} Rb7 {[%emt 0:00:56]} 39. b3 {[%emt 0:00:39]} Rc7 {[%emt 0:00:35]} 40. Nc5 {[%emt 0:00:28]} Nf8 {[%emt 0:00:37]} 41. Ke3 {[%emt 0:30:31]} 1-0

[Event "FRA-chT Top 12 2019"]
[Site "Brest"]
[Date "2019.05.18"]
[Round "1.4"]
[White "Santos Ruiz, Miguel"]
[Black "Brochet, Philippe"]
[Result "1-0"]
[WhiteElo "2549"]
[BlackElo "2400"]
[Annotator "TA"]
[PlyCount "92"]
[EventDate "2019.05.18"]
[EventType "team-tourn"]
[EventCountry "FRA"]
[SourceTitle "playchess.com"]
[Source "ChessBase"]
[SourceQuality "1"]

{[%evp 9,92,21,28,21,36,28,39,42,38,45,38,23,27,23,15,27,34,28,39,0,0,-4,0,-11,0,-15,-26,-71,-75,-75,-67,-63,122,123,115,120,146,141,141,143,205,189,326,324,320,312,414,409,409,376,350,316,315,167,167,167,167,167,167,167,245,235,365,365,365,358,350,204,350,342,315,315,882,872,785,704,1065,981,1316,1305,1305,1240,1231,1104,677]} 1. c4 e5 2. Nc3 Bb4 3. Nd5 Na6 (3... a5 4. a3 Be7 5. d4 d6 6. e4 Nf6 7. Nxe7 Qxe7 8. f3 Nfd7 9. Ne2 O-O 10. d5 Nc5 11. Be3 f5 12. Nc3 fxe4 13. Bxc5 dxc5 14. Nxe4 {½-½ (35) Matlakov,M (2700)-Yu,Y (2764) Caleta 2019}) 4. a3 Ba5 5. b4 c6 6. Nc3 {A21: English Opening: 1...e5 2 Nc3} Bc7 7. d4 Nf6 $146 ({Predecessor:} 7... Ne7 8. d5 cxd5 9. cxd5 Nf5 10. Nf3 Qf6 11. Bg5 {1-0 (28) Sahl,S (2186)-Dolzhikova,K (2288) Fagernes 2018}) 8. d5 {White is slightly better.} cxd5 9. cxd5 {And now d6 would win.} d6 10. e3 O-O 11. Be2 Bd7 12. Nf3 Qe7 13. O-O Rac8 14. e4 Bb6 15. Qd3 Rxc3 {[%mdl 64] [#] Remove Defender} 16. Qxc3 {Threatens to win with Bd3.} Nxe4 17. Qb2 Nc7 18. Qb3 Nxf2 19. Rxf2 e4 {Strongly threatening ...Ba4!} 20. Bg5 f6 $2 (20... Qe8 $15 {keeps the upper hand.} 21. Bf4 exf3 22. Qxf3 Qe7) 21. Be3 $16 {Nd4 is the strong threat.} exf3 22. Rxf3 Bg4 {[#]} 23. Rg3 $1 Bxe2 24. Bxb6 {aiming for Re3.} axb6 (24... Qe5 $16 25. Re1 axb6) 25. Re3 $18 Bc4 (25... Qd8 {was necessary.}) 26. Rxe7 Bxb3 27. Rxc7 {[%mdl 4096] Endgame KRR-KRB} Rf7 28. Rc8+ Rf8 29. Rac1 Bxd5 30. Rxf8+ Kxf8 {KR-KB} 31. Rd1 (31. Rc8+ $142 Kf7 32. Rc7+ Kg6 33. b5) 31... Bc6 32. Rxd6 Ke7 33. Rd4 h5 34. Kf2 g5 (34... Bd7 $142 35. Ke3 b5) 35. g3 Ke6 (35... Ke8 {was called for.} 36. h4 Ke7 37. hxg5 fxg5) 36. Rd8 Kf7 37. Ke3 Kg6 38. Rd4 (38. Rh8 $142) 38... b5 (38... Kf7 $142 39. Rd8 Kg6) 39. Rd8 Kf5 40. Rf8 h4 $2 (40... Bh1 41. Kd4 Bc6) 41. gxh4 {White is clearly winning.} gxh4 42. Rg8 h3 43. Rh8 Kg4 44. Rh6 f5 45. Rg6+ Kh5 46. Rg3 Kh4 {Accuracy: White = 71%, Black = 38%.} 1-0

[Event "FRA-chT Top 12 2019"]
[Site "Brest"]
[Date "2019.05.18"]
[Round "1.4"]
[White "Villegas, Pierre"]
[Black "Lefebvre, Herve"]
[Result "1-0"]
[WhiteElo "2354"]
[BlackElo "2291"]
[Annotator "ChessBase"]
[PlyCount "103"]
[EventDate "2019.05.18"]
[EventType "team-tourn"]
[EventCountry "FRA"]
[SourceTitle "playchess.com"]
[Source "ChessBase"]
[SourceQuality "1"]
[TimeControl "40/5400+30:1800+30"]

1. Nf3 {[%emt 0:00:00]} c5 {[%emt 0:00:00]} 2. c4 {[%emt 0:00:04]} Nc6 {[%emt 0:00:37]} 3. b3 {[%emt 0:00:34]} e5 {[%emt 0:01:24]} 4. Bb2 {[%emt 0:00:20]} d6 {[%emt 0:00:10]} 5. Nc3 {[%emt 0:00:12]} g6 {[%emt 0:00:34]} 6. g3 {[%emt 0:00:58]} Bg7 {[%emt 0:00:23]} 7. Bg2 {[%emt 0:00:19]} Nge7 {[%emt 0:00:15]} 8. O-O {[%emt 0:00:16]} Bf5 {[%emt 0:07:55]} 9. h3 {[%emt 0:07:45]} Nd4 {[%emt 0:19:07]} 10. Nh4 {[%emt 0:09:55]} Bc2 {[%emt 0:23:50]} 11. Qc1 {[%emt 0:08:02]} g5 {[%emt 0:00:42]} 12. Nf3 {[%emt 0:00:14]} Nxf3+ {[%emt 0:02:17]} 13. Bxf3 {[%emt 0:00:14]} Bf5 {[%emt 0:00:22]} 14. Kh2 {[%emt 0:17:22]} Qd7 {[%emt 0:01:29]} 15. d3 {[%emt 0:02:50]} O-O-O {[%emt 0:21:50]} 16. Bg2 {[%emt 0:16:07]} h5 {[%emt 0:04:37]} 17. a3 {[%emt 0:05:17]} Bh6 {[%emt 0:03:37]} 18. Qd1 {[%emt 0:02:07]} Rdg8 {[%emt 0:02:35]} 19. b4 {[%emt 0:01:02]} f6 {[%emt 0:05:58]} 20. Rb1 {[%emt 0:12:09]} Bxh3 {[%emt 0:00:43]} 21. Bxh3 {[%emt 0:00:10]} g4 {[%emt 0:00:03]} 22. bxc5 {[%emt 0:01:55]} gxh3 {[%emt 0:00:14]} 23. Ne4 {[%emt 0:01:50]} dxc5 {[%emt 0:02:06]} 24. Nxf6 {[%emt 0:00:53]} Qc6 {[%emt 0:00:03]} 25. Ne4 {[%emt 0:00:10]} Ng6 {[%emt 0:00:22]} 26. e3 {[%emt 0:05:28]} h4 {[%emt 0:00:10]} 27. g4 {[%emt 0:00:25]} Rd8 {[%emt 0:01:13]} 28. Qe2 {[%emt 0:01:21]} b6 {[%emt 0:00:38]} 29. Kxh3 {[%emt 0:02:05]} Bf4 {[%emt 0:00:13]} 30. Bc1 {[%emt 0:01:07]} Bh6 {[%emt 0:00:01]} 31. Nc3 {[%emt 0:01:16]} Qe6 {[%emt 0:00:39]} 32. a4 {[%emt 0:01:29]} Rhg8 {[%emt 0:00:09]} 33. a5 {[%emt 0:00:20]} Rxd3 {[%emt 0:00:04]} 34. Nd5 {[%emt 0:00:48]} Qxd5 {[%emt 0:00:08]} 35. f3 {[%emt 0:00:55]} Qd6 {[%emt 0:01:04]} 36. axb6 {[%emt 0:00:13]} axb6 {[%emt 0:01:23]} 37. Rxb6 {[%emt 0:00:21]} Qxb6 {[%emt 0:00:31]} 38. Qxd3 {[%emt 0:00:01]} Qc6 {[%emt 0:00:43]} 39. Qf5+ {[%emt 0:00:50]} Kc7 {[%emt 0:00:39]} 40. Bb2 {[%emt 0:00:29]} Rf8 {[%emt 0:00:28]} 41. Bxe5+ {[%emt 0:30:13]} Nxe5 {[%emt 0:30:04]} 42. Qxe5+ {[%emt 0:00:02]} Qd6 {[%emt 0:00:32]} 43. Qxd6+ {[%emt 0:00:07]} Kxd6 {[%emt 0:00:01]} 44. f4 {[%emt 0:01:38]} Re8 {[%emt 0:00:41]} 45. Rd1+ {[%emt 0:00:00]} Ke6 {[%emt 0:00:00]} 46. Rd5 {[%emt 0:00:00]} Bf8 {[%emt 0:00:00]} 47. Re5+ {[%emt 0:00:00]} Kf7 {[%emt 0:00:00]} 48. Rxe8 {[%emt 0:00:00]} Kxe8 {[%emt 0:00:00]} 49. Kxh4 {[%emt 0:00:00]} Kf7 {[%emt 0:00:00]} 50. e4 {[%emt 0:00:00]} Bg7 {[%emt 0:00:00]} 51. e5 {[%emt 0:00:00]} Ke6 {[%emt 0:00:09]} 52. Kg3 {[%emt 0:00:00] Kd5} 1-0

[Event "FRA-chT Top 12 2019"]
[Site "Brest"]
[Date "2019.05.18"]
[Round "1.5"]
[White "Ragger, Markus"]
[Black "Wagner, Dennis"]
[Result "1-0"]
[WhiteElo "2682"]
[BlackElo "2578"]
[Annotator "TA"]
[PlyCount "67"]
[EventDate "2019.05.18"]
[EventType "team-tourn"]
[EventCountry "FRA"]
[SourceTitle "playchess.com"]
[Source "ChessBase"]
[SourceQuality "1"]

{[%evp 17,67,16,10,10,10,0,21,19,26,0,0,0,0,0,0,0,0,0,0,0,0,0,9,16,40,46,2,0,151,148,166,162,179,163,269,241,402,383,434,432,433,433,778,778,778,778,717,446,460,458,448,453]} 1. e4 e5 2. Nf3 Nc6 3. Bc4 Bc5 4. c3 Nf6 5. d3 a6 6. O-O d6 7. Re1 O-O 8. Nbd2 Ba7 9. Bb3 Ng4 10. Re2 {C54: Giuoco Piano: 4 c3 Nf6, main lines with 5 d4 and 5 d3} Kh8 11. h3 f5 (11... Nh6 12. d4 exd4 13. cxd4 Nxd4 14. Nxd4 Bxd4 15. Nf3 Bf6 16. Bf4 Be6 17. Rc1 Qe7 {1-0 (33) Vachier Lagrave,M (2762)-Amin,B (2635) Dubai 2014}) 12. exf5 {The position is equal.} ({But not} 12. hxg4 fxg4 13. Nh2 g3 $15) 12... Nh6 13. g4 Nxf5 $1 14. gxf5 Bxf5 {[%mdl 64] [#] Double Attack} 15. Ne4 Bxh3 16. Nfg5 Bg4 17. Be6 $146 ({Predecessor:} 17. Kh1 d5 {½-½ (54) Stolz,S (2233)-Khan,V (2155) LSS email 2014}) 17... Bh5 18. Qf1 {Strongly threatening Qh3!} h6 {And now ...d5 would win.} 19. Re3 {Hoping for Rh3.} Bxe3 ({Much worse is} 19... hxg5 $6 20. Qh3 $16) 20. Bxe3 Qe7 21. Qh3 {[%mdl 1024] White has compensation.} Nd8 22. Bb3 g6 $2 ({Black should try} 22... Bg6 $11) 23. Ne6 $36 {[%mdl 2112] Discovered Attack. Keeping Black busy.} Rf3 24. Ng3 Nf7 25. d4 c6 {[#]} (25... Re8 $142 26. dxe5 Rxe3 27. fxe3 Ng5 28. Nxg5 Qxg5) 26. dxe5 $1 $18 {[%mdl 64] Overworked Piece} Nxe5 $2 (26... dxe5 {was worth a try.} 27. Re1 Re8) 27. Bxh6 {aiming for Bg7+.} Rf7 {If only Black now had time for ...Rh7....} 28. Nxh5 {White is clearly winning.} gxh5 29. Qxh5 {White threatens Bg7+! and mate.} Qh4 (29... Rh7 $142 30. Bg7+ Qxg7+ 31. Nxg7 Rxh5 32. Nxh5 d5) 30. Bg7+ Kg8 31. Qxh4 {[%csl Gg7][%cal Rh4h8]} Nf3+ 32. Kf1 {[%csl Gg7][%cal Rh4h8]} Nxh4 33. Ng5 {[%mdl 64] Pin} Kxg7 34. Nxf7 {Accuracy: White = 93%, Black = 56%.} 1-0

[Event "FRA-chT Top 12 2019"]
[Site "Brest"]
[Date "2019.05.18"]
[Round "1.5"]
[White "Safarli, Eltaj"]
[Black "Cornette, Matthieu"]
[Result "1/2-1/2"]
[WhiteElo "2624"]
[BlackElo "2553"]
[Annotator "TA"]
[PlyCount "43"]
[EventDate "2019.05.18"]
[EventType "team-tourn"]
[EventCountry "FRA"]
[SourceTitle "playchess.com"]
[Source "ChessBase"]
[SourceQuality "1"]

{[%evp 11,43,18,29,7,14,2,17,0,0,0,7,-6,0,-3,0,0,0,0,0,0,0,0,0,-11,-9,-12,-3,-14,0,0,0,0,0,0]} 1. e4 c5 2. Nf3 Nc6 3. Bb5 g6 4. Bxc6 dxc6 5. d3 Bg7 6. h3 Nf6 7. Bd2 {B31: Sicilian: 2...Nc6 3 Bb5 g6} (7. Nc3 Nd7 8. Be3 e5 9. Qd2 h6 10. O-O b6 11. a3 Nf8 12. b4 Ne6 13. bxc5 f5 14. exf5 gxf5 15. Qe1 O-O 16. Rb1 e4 17. dxe4 {0-1 (36) Wang,H (2730)-Carlsen,M (2835) St Petersburg 2018}) 7... O-O {The position is equal.} 8. Bc3 {[#]} c4 $146 {[%mdl 512]} ({Predecessor:} 8... b5 9. Nbd2 a5 10. O-O a4 11. Re1 h6 12. Qe2 Be6 {1-0 (32) Palac,M (2553)-Bratovic,B (2307) Zagreb 2018}) 9. O-O (9. dxc4 Qxd1+) 9... cxd3 10. cxd3 b6 11. Re1 c5 12. d4 cxd4 13. Bxd4 Bb7 14. Nc3 e6 15. Qa4 Qd7 {White should prevent ...Qxa4.} 16. Qb4 Rfd8 17. Rad1 {[#] Hoping for Bxf6.} Bf8 18. Qc4 Qe7 19. Qe2 Bg7 20. Qe3 Ne8 21. Bxg7 Kxg7 22. Ne5 {Accuracy: White = 55%, Black = 73%.} 1/2-1/2

[Event "FRA-chT Top 12 2019"]
[Site "Brest"]
[Date "2019.05.18"]
[Round "1.5"]
[White "Marcelin, Cyril"]
[Black "Loiseau, Quentin"]
[Result "1-0"]
[WhiteElo "2451"]
[BlackElo "2471"]
[Annotator "ChessBase"]
[PlyCount "51"]
[EventDate "2019.05.18"]
[EventType "team-tourn"]
[EventCountry "FRA"]
[SourceTitle "playchess.com"]
[Source "ChessBase"]
[SourceQuality "1"]
[TimeControl "40/5400+30:1800+30"]

1. d4 {[%emt 0:00:00]} d5 {[%emt 0:00:00]} 2. Nf3 {[%emt 0:00:00]} Nf6 {[%emt 0:00:00]} 3. c3 {[%emt 0:00:00]} Bf5 {[%emt 0:07:32]} 4. Qb3 {[%emt 0:00:22]} Qc8 {[%emt 0:05:18]} 5. Bf4 {[%emt 0:01:22]} e6 {[%emt 0:02:19]} 6. e3 {[%emt 0:00:59]} Nh5 {[%emt 0:10:43]} 7. Be5 {[%emt 0:16:36]} f6 {[%emt 0:03:45]} 8. Bg3 {[%emt 0:00:36]} Nd7 {[%emt 0:08:30]} 9. c4 {[%emt 0:06:45]} c6 {[%emt 0:03:12]} 10. Nc3 {[%emt 0:09:25]} Nxg3 {[%emt 0:06:52]} 11. hxg3 {[%emt 0:00:05]} Bg6 {[%emt 0:03:13]} 12. Rc1 {[%emt 0:15:20]} Nb6 {[%emt 0:22:03]} 13. cxd5 {[%emt 0:06:50]} exd5 {[%emt 0:00:14]} 14. Nh4 {[%emt 0:00:50]} Bf5 {[%emt 0:04:58]} 15. a4 {[%emt 0:10:25]} g5 {[%emt 0:15:01]} 16. Nxf5 {[%emt 0:00:28]} Qxf5 {[%emt 0:00:02]} 17. a5 {[%emt 0:02:56]} Nd7 {[%emt 0:00:11]} 18. Qxb7 {[%emt 0:05:05]} Rb8 {[%emt 0:00:13]} 19. Qxc6 {[%emt 0:00:06]} Rxb2 {[%emt 0:00:46]} 20. Be2 {[%emt 0:00:32]} Bb4 {[%emt 0:02:12]} 21. Qc8+ {[%emt 0:07:58]} Kf7 {[%emt 0:00:06]} 22. Qxh8 {[%emt 0:01:06]} Bxc3+ {[%emt 0:00:42]} 23. Rxc3 {[%emt 0:03:23]} Rb1+ {[%emt 0:00:07]} 24. Bd1 {[%emt 0:00:17]} Rxd1+ {[%emt 0:00:25]} 25. Kxd1 {[%emt 0:00:09]} Qb1+ {[%emt 0:00:05]} 26. Rc1 {[%emt 0:01:07]} 1-0

[Event "FRA-chT Top 12 2019"]
[Site "Brest"]
[Date "2019.05.18"]
[Round "1.5"]
[White "Bressac, Stephane"]
[Black "Tregubov, Pavel V."]
[Result "0-1"]
[WhiteElo "2358"]
[BlackElo "2586"]
[Annotator "TA"]
[PlyCount "58"]
[EventDate "2019.05.18"]
[EventType "team-tourn"]
[EventCountry "FRA"]
[SourceTitle "playchess.com"]
[Source "ChessBase"]
[SourceQuality "1"]

{[%evp 15,58,19,31,30,21,34,35,31,33,33,33,33,33,33,33,33,33,33,33,33,37,39,55,62,66,39,37,29,34,0,0,0,10,10,10,10,10,10,41,43,48,14,16,-29994,-29995]} 1. e4 c5 2. Nf3 e6 3. d4 cxd4 4. Nxd4 Nc6 5. Nc3 Nf6 6. Nxc6 bxc6 7. e5 Nd5 8. Ne4 Bb7 9. Be2 {B45: Sicilian Four Knights} (9. c4 Nb4 10. Bd2 c5 11. Nd6+ Bxd6 12. exd6 Qb6 13. Bc3 Be4 14. Qg4 Bf5 15. Qxg7 O-O-O 16. Rd1 Nc2+ {1-0 (44) Vavulin,M (2575)-Tregubov,P (2589) Moscow 2017}) 9... c5 10. O-O Qc7 11. c4 {White is slightly better.} Ne3 12. Bxe3 Bxe4 13. f4 Be7 14. Bf3 Bxf3 15. Qxf3 O-O 16. Bd2 f6 $146 ({Predecessor:} 16... d5 17. exd6 Bxd6 {½-½ (51) Schlenther,M-Serovey,M (1866) ICCF email 2013}) 17. Bc3 fxe5 18. Bxe5 d6 19. Bc3 Rae8 20. Qe4 Bf6 21. Bxf6 Rxf6 22. f5 Qb8 23. b3 exf5 24. Qd5+ Kh8 25. Rxf5 Rxf5 26. Qxf5 Re5 27. Qd7 h6 28. Rd1 Re2 29. Rxd6 $2 {[%mdl 8192] [#]} (29. h3 $11) 29... Qf8 0-1

[Event "FRA-chT Top 12 2019"]
[Site "Brest"]
[Date "2019.05.18"]
[Round "1.5"]
[White "Nezar, Mustapha"]
[Black "Riff, Jean-Noel"]
[Result "1/2-1/2"]
[WhiteElo "2339"]
[BlackElo "2494"]
[Annotator "ChessBase"]
[PlyCount "62"]
[EventDate "2019.05.18"]
[EventType "team-tourn"]
[EventCountry "FRA"]
[SourceTitle "playchess.com"]
[Source "ChessBase"]
[SourceQuality "1"]
[TimeControl "40/5400+30:1800+30"]

1. d4 {[%emt 0:00:00]} Nf6 {[%emt 0:00:00]} 2. c4 {[%emt 0:00:00]} e6 {[%emt 0:00:00]} 3. Nc3 {[%emt 0:00:06]} Bb4 {[%emt 0:00:00]} 4. Qc2 {[%emt 0:00:35]} O-O {[%emt 0:00:03]} 5. Nf3 {[%emt 0:02:51]} d6 {[%emt 0:03:13]} 6. Bd2 {[%emt 0:02:33]} Nbd7 {[%emt 0:02:28]} 7. a3 {[%emt 0:09:47]} Bxc3 {[%emt 0:00:36]} 8. Bxc3 {[%emt 0:00:07]} Qe7 {[%emt 0:00:13]} 9. e3 {[%emt 0:06:15]} e5 {[%emt 0:04:45]} 10. Be2 {[%emt 0:03:29]} Re8 {[%emt 0:01:07]} 11. O-O {[%emt 0:06:43]} e4 {[%emt 0:01:15]} 12. Nd2 {[%emt 0:01:49]} Nf8 {[%emt 0:00:41]} 13. Rae1 {[%emt 0:22:37]} c6 {[%emt 0:13:07]} 14. f3 {[%emt 0:05:19]} Bf5 {[%emt 0:02:03]} 15. fxe4 {[%emt 0:03:44]} Bg6 {[%emt 0:00:10]} 16. Bd3 {[%emt 0:02:19]} Nxe4 {[%emt 0:00:28]} 17. Nxe4 {[%emt 0:08:05]} Bxe4 {[%emt 0:00:16]} 18. Bb4 {[%emt 0:01:45]} a5 {[%emt 0:03:18]} 19. Bc3 {[%emt 0:03:11]} Ng6 {[%emt 0:02:15]} 20. Bxe4 {[%emt 0:03:31]} Qxe4 {[%emt 0:00:05]} 21. Qxe4 {[%emt 0:00:17]} Rxe4 {[%emt 0:00:01]} 22. a4 {[%emt 0:00:31]} b6 {[%emt 0:01:49]} 23. b3 {[%emt 0:01:34]} Rae8 {[%emt 0:00:07]} 24. Bd2 {[%emt 0:01:06]} Nf8 {[%emt 0:02:06]} 25. Kf2 {[%emt 0:03:39]} Ne6 {[%emt 0:00:21]} 26. Kg1 {[%emt 0:01:08]} g6 {[%emt 0:00:44]} 27. Rb1 {[%emt 0:00:17]} c5 {[%emt 0:00:55]} 28. d5 {[%emt 0:00:37]} Ng7 {[%emt 0:00:02]} 29. Rf3 {[%emt 0:01:02]} f5 {[%emt 0:01:24]} 30. Re1 {[%emt 0:03:57]} Nh5 {[%emt 0:02:37]} 31. Bc3 {[%emt 0:00:48]} Rf8 {[%emt 0:05:19]} 1/2-1/2

[Event "FRA-chT Top 12 2019"]
[Site "Brest"]
[Date "2019.05.18"]
[Round "1.6"]
[White "Rambaldi, Francesco"]
[Black "Le Roux, Jean-Pierre"]
[Result "1/2-1/2"]
[WhiteElo "2558"]
[BlackElo "2539"]
[Annotator "TA"]
[PlyCount "124"]
[EventDate "2019.05.18"]
[EventType "team-tourn"]
[EventCountry "FRA"]
[SourceTitle "playchess.com"]
[Source "ChessBase"]
[SourceQuality "1"]

{[%evp 9,124,12,18,18,22,18,15,1,17,5,17,7,37,43,45,-25,-14,-18,0,0,22,2,35,40,42,37,65,58,77,18,77,49,135,64,75,70,168,154,158,156,186,138,143,148,162,169,179,153,162,162,161,162,153,141,233,175,189,196,209,151,143,143,166,162,168,175,172,146,146,144,136,118,118,118,166,118,118,118,184,190,281,67,67,67,67,67,67,67,75,75,75,67,67,67,67,67,67,67,67,67,67,8,8,8,8,0,0,0,0,0,0,0,0,0,0,0,0]} 1. e4 c6 2. Nf3 d5 3. d3 g6 (3... dxe4 4. dxe4 Qxd1+ 5. Kxd1 Nf6 6. Nbd2 g6 7. c3 Bg7 8. Ne1 Ng4 9. Nd3 Nd7 10. Nc4 O-O 11. f3 Nge5 12. Ndxe5 Nxe5 {½-½ (82) Van Foreest,J (2612)-Martirosyan,H (2607) chess.com INT 2019}) 4. exd5 cxd5 5. d4 Nf6 $146 ({Predecessor:} 5... Bg7 6. Bd3 Bg4 7. c3 Nc6 8. h3 Bxf3 9. Qxf3 Nf6 10. O-O O-O 11. Qe3 {0-1 (41) Nenezic,D (2116)-Kalezic,B (2463) Sarajevo 2018}) 6. c3 {B10: Caro-Kann: 2 d3 and 2 c4} Nc6 7. h3 Qc7 8. g3 Bg7 9. Bf4 Qb6 10. Qb3 Nd7 11. Na3 ({But not} 11. Qxd5 $2 Qxb2 12. Qb3 (12. Ng5 $2 O-O $19) 12... Qxa1 $19) 11... O-O 12. Nb5 ({Better is} 12. Bg2 $14) 12... e5 13. Be3 exd4 14. Nbxd4 Qa5 15. Bg2 Nb6 16. O-O Bd7 17. a4 Rfc8 18. Rfe1 h6 19. Kh2 (19. h4 $16) 19... g5 (19... Nc4 $11 {keeps the balance.}) 20. Bf1 Bf6 (20... Nc4 $14) 21. Bd3 (21. Nxc6 $16 Rxc6 22. Bd4) 21... Nc4 $14 22. Qxb7 N4e5 (22... Qd8 $14) 23. Nxe5 $18 Nxe5 24. Bb5 $36 {[%mdl 2048] Hoping for f4. White is in control.} Be6 25. Qa6 Qxa6 26. Bxa6 {Black must now prevent f4.} Rcb8 27. b3 {[%cal Bb2b3,Bb3b4,Bb4b5][%mdl 32]} Bd7 28. Rec1 Nc6 29. Nxc6 Bxc6 30. b4 Bb7 31. Bd3 a5 (31... Kg7 $16 32. b5 a6) 32. b5 Rc8 33. Bd4 Kg7 34. Bxf6+ Kxf6 35. c4 dxc4 36. Bxc4 Rc5 {[#] ...Rac8 is the strong threat.} 37. Bf1 Rac8 38. Rxc5 Rxc5 39. Bg2 Bxg2 40. Kxg2 $16 {[%mdl 4096] Endgame KR-KR} Ke6 41. Re1+ Kd6 42. Rd1+ Kc7 43. Rd4 Rc3 {[#]} (43... h5 $16 44. h4 f6) 44. h4 $1 $18 Rb3 (44... f5 {is a better defense.} 45. h5 Rc5) 45. hxg5 $2 (45. Rc4+ $18 Kd7 46. h5) 45... hxg5 $14 46. Kf1 Rb2 47. Ke1 f6 48. Kf1 Rc2 49. Kg2 Rc3 50. g4 Rb3 {next ...Rb4 is good for Black.} 51. Kf1 Rb2 52. Ke1 Rc2 53. f3 Rb2 54. Rc4+ Kb7 55. Rc6 (55. f4 $14) 55... Rb4 $11 {The position is equal.} 56. Rxf6 Rxa4 57. Rf5 Rb4 58. Rxg5 a4 59. Rg7+ Kb6 60. Rg8 {aiming for Ra8.} Kb7 61. Rg7+ Kb6 62. Rg8 {Threatens to win with Ra8.} Kb7 {Accuracy: White = 54%, Black = 54%.} 1/2-1/2

[Event "FRA-chT Top 12 2019"]
[Site "Brest"]
[Date "2019.05.18"]
[Round "1.6"]
[White "Degraeve, Jean-Marc"]
[Black "Terrieux, Kevin"]
[Result "1/2-1/2"]
[WhiteElo "2546"]
[BlackElo "2455"]
[Annotator "TA"]
[PlyCount "64"]
[EventDate "2019.05.18"]
[EventType "team-tourn"]
[EventCountry "FRA"]
[SourceTitle "playchess.com"]
[Source "ChessBase"]
[SourceQuality "1"]

{[%evp 12,64,19,17,14,17,24,14,25,25,46,19,17,20,33,15,24,0,0,0,21,-10,0,-22,0,0,0,0,20,13,15,0,-6,-6,0,0,0,-16,0,-15,-8,-14,-14,-14,0,-6,-6,-7,0,0,0,-4,0,0,0]} 1. e4 c5 2. Nf3 e6 3. g3 Nc6 4. Bg2 Nf6 5. Qe2 d6 6. O-O Be7 7. c3 O-O {C00: French: Unusual White 2nd moves} 8. d4 d5 (8... cxd4 9. cxd4 d5 10. e5 Ne4 11. Nc3 Nxc3 12. bxc3 Bd7 13. h4 Rc8 14. Ng5 h6 15. Nh3 {½-½ (62) Malakhov,V (2713)-Akopian,V (2675) Doha 2016}) 9. e5 Ne4 10. Rd1 cxd4 11. cxd4 f6 12. exf6 $146 ({Predecessor:} 12. Be3 Bd7 13. exf6 {0-1 (35) Boudre,J (2380)-Chuchelov,V (2545) Fourmies 1998}) 12... Bxf6 13. Be3 Bd7 14. Nbd2 {Nxe4 is the strong threat.} Nd6 {The position is equal.} 15. Nb3 Nf5 16. Bf4 a5 17. Be5 b6 18. Bxf6 Qxf6 19. Ne5 Nxe5 20. dxe5 Qe7 21. Nd4 Nxd4 22. Rxd4 Rac8 23. h4 Be8 24. Rad1 h6 25. Qg4 {White wants to play Bxd5!} Rc2 26. R1d2 Rc1+ 27. Kh2 Kh8 28. Bh3 Bf7 29. Rd1 Rc2 {[#] aiming for ...Bh5!} 30. R1d2 Rc1 31. Rd1 Rc2 {Hoping for ...Bh5!} 32. R1d2 Rc1 {Accuracy: White = 62%, Black = 43%.} 1/2-1/2